Khi những lưu dân trở lại Khảo luận

Sách do giáo viên cung cấp; Gồm 6 phần: Văn nghệ miền Nam nhìn từ miền Trung; văn nghệ miền Bắc di chuyển vào Nam và tại sao văn học miền Nam căn bản là nói và trình diễn; đi về miền Nam; hiện tượng Lục Vân Tiên; các làn sóng mới; một tho...

Descrición completa

Gardado en:
Detalles Bibliográficos
Autor Principal: Nguyễn, Văn Xuân
Formato: Libro
Idioma:Undetermined
Publicado: [?]; USA Thời Mới; Văn nghệ 1969
Những chủ đề:
Acceso en liña:http://lrc.tdmu.edu.vn/opac/search/detail.asp?aID=2&ID=38331
Các nhãn: Engadir etiqueta
Sen Etiquetas, Sexa o primeiro en etiquetar este rexistro!
Thư viện lưu trữ: Trung tâm Học liệu Trường Đại học Thủ Dầu Một
LEADER 01076nam a2200205Ia 4500
001 TDMU_38331
008 210410s9999 xx 000 0 und d
082 |a 658.7 
100 |a Nguyễn, Văn Xuân 
245 0 |a Khi những lưu dân trở lại 
245 0 |b Khảo luận 
245 0 |c Nguyễn Văn Xuân 
260 |a [?]; USA 
260 |b Thời Mới; Văn nghệ 
260 |c 1969 
300 |a 119 tr. 
520 |a Sách do giáo viên cung cấp; Gồm 6 phần: Văn nghệ miền Nam nhìn từ miền Trung; văn nghệ miền Bắc di chuyển vào Nam và tại sao văn học miền Nam căn bản là nói và trình diễn; đi về miền Nam; hiện tượng Lục Vân Tiên; các làn sóng mới; một thời mới. 
650 |a Văn học Việt Nam  |x Khảo luận; Nghiên cứu văn học  |z Việt Nam 
856 |u http://lrc.tdmu.edu.vn/opac/search/detail.asp?aID=2&ID=38331 
980 |a Trung tâm Học liệu Trường Đại học Thủ Dầu Một